| 000 | 00908cam a22002894a 4500 | ||
|---|---|---|---|
| 001 | 14285 | ||
| 003 | BD-JhCC | ||
| 005 | 20250227105043.0 | ||
| 008 | 990330s1999 maua b 001 0 eng | ||
| 020 | _a020161569X | ||
| 020 | _a020161653X (pbk./CDROM) | ||
| 035 | _a(DLC) 14285 | ||
| 040 |
_aDLC _cDLC _dDLC |
||
| 041 | _aeng | ||
| 050 | 0 | 0 |
_aQA76.6 _b.S5726 1999 |
| 082 | 0 | 0 |
_a004.33 _221 _bSIM 1999 |
| 100 | 1 | _aSimon, David E. | |
| 245 | 1 | 3 |
_aAn embedded software primer / _cDavid E. Simon. |
| 260 |
_aReading, Mass. : _bAddison Wesley, _c1999. |
||
| 300 |
_axix, 424 p. : _bill. ; _c24 cm. + _e1 computer laser optical disc (4 3/4 in.) |
||
| 504 | _aIncludes bibliographical references (p. [407]-408) and index. | ||
| 650 | 0 |
_aEmbedded computer systems _xProgramming. |
|
| 650 | 0 |
_aApplication software _xDevelopment. |
|
| 650 | 0 | _aReal-time data processing. | |
| 942 |
_2ddc _cBK |
||
| 999 |
_c14285 _d14285 |
||